Statistics for Gilligan's Island Castaways

Click here to take the quiz!

General Stats

  • This quiz has been taken 4,041 times
    (4,039 since last reset)
  • The average score is 6 of 7

Answer Stats

Castaways % Correct
Gilligan
99%
The Skipper
96%
The Professor
92%
Ginger
92%
Mary Ann
91%
Thurston Howell III
82%
Lovey Howell
79%

Score Distribution

Percentile by Number Answered

Percent of People with Each Score

Your Score History

You have not taken this quiz since the last reset